Responses for Show #1931 - Monday, January 18, 1993

Contestants

[<< previous game]

Elizabeth Winter, a marine biologist from Fairfield, Connecticut

Nancy Melucci, a therapist from Irvine, California

Michelle Rottner, an event coordinator from Pasadena, California (whose 1-day cash winnings total $8,201)

[next game >>]

Jeopardy! Round responses

GEOMETRY
PYRAMIDS
PLANES
LINES
RULERS
PIE
    $100 1
3

Nancy
    $100 6
Mexico

Michelle
    $100 15
Ford

Nancy
    $100 21
the neckline

Elizabeth
    $100 18
Napoleon

Nancy
    $100 11
24 (4 & 20)

Elizabeth
    $200 2
the circumference

Nancy
    $200 7
a razor (blade)

Michelle
    $200 16
the Concorde

Elizabeth
    $200 22
the Mason-Dixon line

Michelle
    $200 19
Hirohito

Nancy
    $200 12
a pumpkin

Elizabeth
    $300 3
degrees

Elizabeth
    $300 8
temple

Nancy
    $300 28
Sweden

Michelle
    $300 23
the equator

Michelle
    $300 20
Edward the Confessor

Elizabeth
    $300 13
apple pie

Triple Stumper
    $400 4
volume

Michelle
    $400 9
(Elizabeth: What are the Aztecs?)

the Mayans

MichelleElizabeth
    $400 29
the Boeing 747

Nancy
    $400 24
What's My Line?

Michelle
    $400 26
Ferdinand (II) of Aragon

Triple Stumper
    $400 14
Twin Peaks

Nancy
    $500 5
(Michelle: What is a rectangle?)

a polygon

Michelle
    $500 10
Cheops

Elizabeth
    $500 30
the Spruce Goose

Michelle
    $500 25
the life line

Nancy
    $500 27
Maria Theresa

Nancy
    $500 17
pie in the sky

Elizabeth

Scores at the first commercial break (after clue 14):

Michelle Nancy Elizabeth
$600 $1,000 $700

Scores at the end of the Jeopardy! Round:

Michelle Nancy Elizabeth
$2,300 $2,800 $1,800

Double Jeopardy! Round responses

ALASKA
FICTIONAL CHARACTERS
FOREIGN PHRASES
THE SUN
WORLD HISTORY
"B" MOVIES
    $200 17
Eisenhower

Nancy
    $200 26
Tarzan

Nancy
    $200 2
one hand washes the other

Elizabeth
    $200 8
a star

Michelle
    $200 13
the Hindenburg

Nancy
    $200 20
Brigadoon

Nancy
    $400 3
the Arctic Ocean

Michelle
    $400 27
Little Dorrit

Triple Stumper
    $400 4
mazel tov

Michelle
    $400 9
(Elizabeth: What is [**]?)
[Originally ruled incorrect; reversed before the Daily Double at clue 27]

the age of the Sun (the age of the solar system)

NancyElizabeth
    $400 14
Chicago

Elizabeth
    $400 22
Beauty and the Beast

Michelle
    $600 1
Juneau

Michelle
    $600 28
[The end-of-round signal sounds.]

A Clockwork Orange

Nancy
    $600 5
fait accompli

Nancy
    $600 10
hydrogen

Elizabeth
    $600 15
Kuwait

Elizabeth
    $600 23
the Bible

Nancy
    $800 18
Fairbanks

Elizabeth
    $500 6
conquers all

Nancy
    $800 11
sunspots

Michelle
    $800 16
(Elizabeth: What is Bhutan?)

Thailand

Elizabeth
Triple Stumper
    $800 24
(Elizabeth: What is Baby?)
...
(Alex: We have less than a minute to go.)

Baby Doll

Elizabeth
Triple Stumper
    $1000 19
(Michelle: What is Valdez?)

Prudhoe Bay

MichelleElizabeth
    $1000 7
commedia dell'arte

Elizabeth
    $1000 12
a solar wind

Nancy
    $1,200 21
(Nancy: Who are Mao Tse-tung and Chiang Kai-shek?)

Mao Tse-tung & Chou En-lai

Nancy
    $1000 25
The Blue Bird

Triple Stumper

Scores at the end of the Double Jeopardy! Round:

Michelle Nancy Elizabeth
$4,100 $6,100 $5,200

[wagering suggestions for these scores]

Final Jeopardy! Round responses

NATIONAL PARKS
MichelleWhat is Grand Canyon Nat. Park
$1,901
ElizabethWhat is Carlsbad Caverns?
$5,200
NancyWhat is Carlsbad Caverns?
$4,301
Carlsbad Caverns

Final scores:

Michelle Nancy Elizabeth
$2,199 $10,401 $10,400
3rd place: Konica iBorg 35mm camera + Wheel of Fortune & Jeopardy! games for the Super Nintendo & Sega Genesis New champion: $10,401 2nd place: trip on Balair to Zurich & stay at the Park-Hotel Zizza-Lugano

Game dynamics:

Coryat scores:

Michelle Nancy Elizabeth
$4,600 $7,600 $5,200
15 R,
2 W
(including 1 DD)
20 R
(including 1 DD),
1 W
(including 1 DD)
16 R,
3 W

Combined Coryat: $17,400

[game clues] [game scores] [suggest correction]

Game tape date: 1992-10-12
The J! Archive is created by fans, for fans. Scraping, republication, monetization, and malicious use prohibited; this site may use cookies and collect identifying information. See terms. The Jeopardy! game show and all elements thereof, including but not limited to copyright and trademark thereto, are the property of Jeopardy Productions, Inc. and are protected under law. This website is not affiliated with, sponsored by, or operated by Jeopardy Productions, Inc. Join the discussion at JBoard.tv.